Día de la colada / (Registro nro. 203017)

Detalles MARC
000 -CABECERA
campo de control de longitud fija 00689nam a2200229 u 4500
005 - FECHA Y HORA DE LA ÚLTIMA TRANSACCIÓN
campo de control 20240228064339.0
008 - ELEMENTOS DE LONGITUD FIJA--INFORMACIÓN GENERAL
campo de control de longitud fija 190603s2011 es r 000 0 spa d
020 ## - NÚMERO INTERNACIONAL NORMALIZADO PARA LIBROS
Número Internacional Estándar del Libro 9788484704041
035 ## - NÚMERO DE CONTROL DEL SISTEMA
Número de control de sistema UPN01000230922
049 ## - COLECCIÓN
Colección I
050 #4 - SIGNATURA TOPOGRÁFICA DE LA BIBLIOTECA DEL CONGRESO
Número de clasificación PZ28
Número de documento/Ítem S7.2
100 1# - ASIENTO PRINCIPAL--NOMBRE PERSONAL
Nombre de persona Stehr, Frédéric,
Fechas asociadas al nombre 1956-
9 (RLIN) 36555
245 10 - MENCIÓN DE TÍTULO
Título Día de la colada /
Mención de responsabilidad, etc. Frédéric Stehr ; tr. de Julia Vinent.
260 ## - PUBLICACIÓN, DISTRIBUCIÓN, ETC.
Lugar de publicación, distribución, etc. Barcelona, Esp. :
Nombre del editor, distribuidor, etc. Corimbo,
Fecha de publicación, distribución, etc. c2011.
300 ## - DESCRIPCIÓN FÍSICA
Extensión [25] p. :
Otras características físicas il. col.
534 ## - NOTA SOBRE LA VERSIÓN ORIGINAL
Frase introductoria Titulo original:
Mención de título del original Jour de lessive
650 #4 - ASIENTO SECUNDARIO DE MATERIA - TERMINO TEMATICO
Término de materia o nombre geográfico como elemento de entrada Literatura infantil francesa
9 (RLIN) 13687
650 #4 - ASIENTO SECUNDARIO DE MATERIA - TERMINO TEMATICO
Término de materia o nombre geográfico como elemento de entrada Libros y lectura para niños
9 (RLIN) 2290
905 ## - TIPO DE MATERIAL
Tipo de material Infantil
Existencias
Estado de retiro Estado de pérdida Fuente del sistema de clasificación o colocación Estado dañado No para préstamo Código de colección Localización permanente Ubicación/localización actual Ubicación en estantería Fecha de adquisición Total de préstamos Clasificación Código de barras Fecha visto por última vez Número de copia Tipo de ítem Koha
    Library of Congress Classification     Infantil Bib. Gregorio Torres Quintero Bib. Gregorio Torres Quintero Sala infantil Planta baja 10/05/2023 1 PZ28 S7.2 323880 31/12/2020 1 Libro